[Event "Marianske Lazne op 17th"]
[Site "Marianske Lazne"]
[Date "2018.01.26"]
[Round "8"]
[White "Vicze, Kata"]
[Black "Tedeeva, Olga"]
[Result "1-0"]
[WhiteElo "1618"]
[BlackElo "1149"]
[PlyCount "23"]
[EventDate "2018.01.20"]
[EventType "swiss"]
[EventRounds "9"]
[EventCountry "CZE"]
[SourceTitle "CBM 182 Extra"]
[Source "ChessBase"]
[SourceDate "2018.02.23"]
[SourceVersion "1"]
[SourceVersionDate "2018.02.23"]
[SourceQuality "1"]

1. e4 e5 2. Nf3 Nc6 3. d4 exd4 4. Bc4 Nf6 5. e5 Ng4 6. Bxf7+ Kxf7 7. Ng5+ Kg8 8. Qxg4 d6 9. Qf3 Nxe5 10. Qd5+ Be6 11. Qxe6+ Nf7 12. Qxf7# 1-0